| 000 | 01097cam a2200289 i 4500 | ||
|---|---|---|---|
| 001 | 21933472 | ||
| 003 | ARRUPE | ||
| 005 | 20211104102400.0 | ||
| 008 | 210309s2020 bl a b 000 1 por | ||
| 010 | _a 2021327702 | ||
| 020 | _a9788555911088 | ||
| 040 |
_aDLC _beng _cDLC _erda |
||
| 042 |
_alcode _apcc |
||
| 050 | 0 | 0 |
_aPQ9697.M18 _bA7 2020 |
| 100 | 1 |
_aMachado de Assis, _d1839-1908, _eauthor. _950981 |
|
| 245 | 1 | 2 |
_aO alienista / _cMachado de Assis ; ilustrado com obras de Rivane Neuenschwander ; prefácio, Elton Corbanezi, Laymert Garcia dos Santos. |
| 260 |
_aSalamanca _bLuso-Espanola de Ediciones _c2004 |
||
| 300 |
_a110 pages : _bcolor iIlustrations ; _c23 cm |
||
| 500 | _aOriginally published: 1882. | ||
| 504 | _aIncludes bibliographical references. | ||
| 700 | 1 |
_aNeuenschwander, Rivane, _d1967- _eartist. _950982 |
|
| 700 | 1 |
_aCorbanezi, Elton, _ewriter of preface. _950983 |
|
| 700 | 1 |
_aSantos, Laymert Garcia dos, _ewriter of preface. _950984 |
|
| 906 |
_a7 _bcbc _corigode _d3 _encip _f20 _gy-gencatlg |
||
| 942 |
_2lcc _cMONOGRAPH |
||
| 999 |
_c131107 _d131107 |
||